The pereption of welfare inequality (Registro nro. 26971)

Detalles MARC
000 -LEADER
fixed length control field 00327 a2200109 4500
001 - CONTROL NUMBER
control field ART_14661
005 - DATE AND TIME OF LATEST TRANSACTION
control field 20260410161913.0
008 - FIXED-LENGTH DATA ELEMENTS--GENERAL INFORMATION
fixed length control field 260409a
100 1# - MAIN ENTRY--PERSONAL NAME
Personal name Van Praag, Bernard
245 10 - TITLE STATEMENT
Title The pereption of welfare inequality
773 0# - HOST ITEM ENTRY
Title European economic review
Related parts - Vol. 10, Nº 2 (nov. 1977)
Record control number REV13346

No hay ítems disponibles.